Sports Quiz

Random Sports or Europe Quiz

European Stadiums by Capacity Quiz Stats

 Plays Quiz not verified by Sporcle

Challenge
Share
Tweet
Embed
Score 0/25 Timer 10:00
0 Plays Today
Capacity Stadium % Correct
90,000Wembley Stadium
98.9%
98,772Camp Nou
93.5%
75,957Old Trafford
88.2%
80,065San Siro
82.8%
60,355Emirates Stadium
76.3%
81,338Stade de France
74.2%
80,354Estadio Santiago Bernabeu
62.4%
82,000Twickenham Stadium
59.1%
69,901Allianz Arena
58.1%
82,300Croke Park
55.9%
60,832Celtic Park
51.6%
74,500Millennium Stadium
44.1%
72,700Stadio Olimpico
39.8%
Capacity Stadium % Correct
67,800Murrayfield Stadium
37.6%
74,228Olympiastadion
35.5%
60,031Stade Velodrome
31.2%
81,264Signal Iduna Park
30.1%
78,360Luzhniki Stadium
25.8%
65,647Estadio da Luz
23.7%
75,145Ataturk Olympic Stadium
22.6%
61,482Veltins-Arena
18.3%
60,240Stadio San Paolo
14%
58,248Stadio San Nicola
10.8%
71,030Athens Olympic Stadium
6.5%
69,250Munich Olympiastadion
5.4%

You're not logged in!

Compare scores with friends on all Sporcle quizzes.
OR
Log In

You Might Also Like...

Show Comments

Extras

Created Aug 31, 2010ReportNominate
Tags:Europe Quiz, Stadiums

Top Quizzes Today


Score Distribution

Your Account Isn't Verified!

In order to create a playlist on Sporcle, you need to verify the email address you used during registration. Go to your Sporcle Settings to finish the process.

Report this User

Report this user for behavior that violates our Community Guidelines.

Details: